Sobre a existencia do terreno siluriano no baixo Alemtejo (Record no. 170956)

MARC details
000 -LEADER
campo de control de longitud fija 01035nam a22002055i 4500
001 - NÚMERO DE CONTROL
campo de control 170956
003 - IDENTIFICADOR DE NÚMERO DE CONTROL
campo de control ES-MaACL
005 - FECHA Y HORA DE LA ÚLTIMA TRANSACCIÓN
campo de control 20250805063314.0
008 - DATOS DE LONGITUD FIJA--INFORMACIÓN GENERAL
campo de control de longitud fija 090420s1876 po |||| | por d
100 1# - ENTRADA PRINCIPAL--NOMBRE DE PERSONA
Nombre de persona Delgado, Joaquim Filipe Nery,
Fechas asociadas al nombre 1835-1908
9 (RLIN) 43410
245 10 - MENCIÓN DEL TÍTULO
Título Sobre a existencia do terreno siluriano no baixo Alemtejo
Resto del título : memoria apresentada á Academia Real das Sciencias de Lisboa /
Mención de responsabilidad, etc. por J. F. N. Delgado.
260 ## - PUBLICACIÓN, DISTRIBUCIÓN, ETC.
Lugar de publicación, distribución, etc. Lisboa :
Nombre del editor, distribuidor, etc. [s.n.],
Fecha de publicación, distribución, etc. 1876 (
Fabricante Typ. da Academia Real das Sciencias)
300 ## - DESCRIPCIÓN FÍSICA
Extensión 35, 35 p., [1] h. pleg. de map., [2] h. de lám. ;
Dimensiones 31 cm.
500 ## - NOTA GENERAL
Nota general Precede al tít.: Terrenos paleozoicos de Portugal.
546 ## - NOTA DE IDIOMA
Nota de lengua/lenguaje La 2ª secuencia de paginación corresponde al texto en francés, con port. propia.
650 #4 - PUNTO DE ACCESO ADICIONAL DE MATERIA--TÉRMINO DE MATERIA
Término de materia o nombre geográfico como elemento de entrada Paleontología-
Subdivisión geográfica Portugal.
9 (RLIN) 167307
710 2# - ENTRADA AGREGADA--NOMBRE DE ENTIDAD CORPORATIVA
Nombre de entidad corporativa o nombre de jurisdicción como elemento de entrada Academia das Ciências de Lisboa.
9 (RLIN) 1159
852 ## - LOCALIZACIÓN
Ubicación ES-MaACL
Número de control de estantería B-8083(3)
Nota libre .- Dedicatoria manuscrita del autor a Fedérico de Botella y de Hornos
-- .- Legado de Fedérico de Botella y Hornos
Holdings
Estatus retirado Estado de pérdida Estado de daño No para préstamo Colección Biblioteca de origen Biblioteca actual Ubicación en estantería Fecha de adquisición Fuente de adquisición Total de préstamos Signatura topográfica completa Código de barras Visto por última vez Precio de reemplazo Tipo de ítem Koha
        Libros del s. XIX Biblioteca del Ateneo de Madrid Biblioteca del Ateneo de Madrid Sala Pardo Bazán 20/04/2009     B-8083(3) 1179418 23/02/2023 23/02/2023 Libro impreso antiguo